000 00288nam a22001337a 4500
008 190205b xxu||||| |||| 00| 0 eng d
020 _a0226895394
041 _aeng
080 _a316
100 _a50
101 _aSOC
245 _aStreet Corner Society
_cWhyte, W.F
942 _2udc
_cBK
999 _c53964
_d53964